Úplné náklady práce v SR za rok 1994

Štatistický úrad SR vykonal po prvýkrát výberové štatistické zisťovanie o úplných nákladoch práce za r. 1994. Význam a charakteristika zisťovania úplných nákladov práce. Pracovníci a náklady práce. Štruktúra nákladov práce. Hodinové náklady práce. Medzinárodné porovnanie nákladov práce. Metodické vy...

Ausführliche Beschreibung

Gespeichert in:
Bibliographische Detailangaben
1. Verfasser: Hlad, František
Format: Buchkapitel
Sprache:Slowakisch
Schlagworte:
Tags: Tag hinzufügen
Keine Tags, Fügen Sie das erste Tag hinzu!

MARC

LEADER 00000naa a2200000 4500
001 r018520
005 20221205102538.5
041 0 |a slo 
044 |a SK 
245 1 0 |a Úplné náklady práce v SR za rok 1994  |c František Hlad 
520 |a Štatistický úrad SR vykonal po prvýkrát výberové štatistické zisťovanie o úplných nákladoch práce za r. 1994. Význam a charakteristika zisťovania úplných nákladov práce. Pracovníci a náklady práce. Štruktúra nákladov práce. Hodinové náklady práce. Medzinárodné porovnanie nákladov práce. Metodické vysvetlivky. 
610 2 0 |a práca 
610 2 0 |a náklady 
610 2 0 |a pracovníci 
610 2 0 |a zisťovanie štatistické 
610 2 0 |a porovnanie štatistické medzinárodné 
610 2 0 |a krajiny vyspelé 
610 2 0 |a Slovensko 
610 2 0 |a 1994 
100 1 |a Hlad, František